| 000 | 00484nam a2200169 i 4500 | ||
|---|---|---|---|
| 001 | 28777 | ||
| 003 | ES-MaACL | ||
| 005 | 20250929063100.0 | ||
| 007 | t| | ||
| 008 | 030120s1979 sp ||||1| spa d | ||
| 100 | 1 |
_aBarbadillo, Manuel, _d1891-1986 _925372 |
|
| 245 | 1 | 0 |
_aHojas caidas _b: (versos) / _cManuel Barbadillo. |
| 260 |
_aJerez de la Frontera : _bSexta, _c[1979] |
||
| 300 |
_a131 p. ; _c20 cm. |
||
| 852 |
_aES-MaACL _jA-9648 _bR.99065 |
||
| 999 |
_c28777 _d28777 |
||